[Event "AUT-chT (Women) 2324"]
[Site "Austria"]
[Date "2024.04.13"]
[Round "8.4"]
[White "Zatonskih, Anna"]
[Black "Exler, Veronika"]
[Result "1/2-1/2"]
[WhiteElo "2342"]
[BlackElo "2171"]
[PlyCount "120"]
[EventDate "2023.11.24"]
[EventType "team-tourn"]
[EventRounds "9"]
[EventCountry "AUT"]
[SourceTitle "CB16_2024"]
[SourceDate "2024.04.17"]
[SourceVersion "1"]
[SourceVersionDate "2024.04.17"]
[SourceQuality "1"]
[WhiteTeam "Pamhagen (W)"]
[BlackTeam "Wulkaprodersdorf (W)"]
[WhiteTeamCountry "AUT"]
[BlackTeamCountry "AUT"]

1. d4 Nf6 2. Nf3 g6 3. g3 Bg7 4. Bg2 d5 5. 0-0 0-0 6. Nbd2 a5 7. a4 Na6 8. Nb3 c6 9. Ne5 Ne4 10. Nd3 Nd6 11. c3 f6 12. f4 b6 13. Nd2 f5 14. b3 Ne4 15. Nxe4 dxe4 16. Ne5 c5 17. e3 Qc7 18. c4 Bb7 19. Bb2 Rad8 20. Qe2 e6 21. Rad1 Nb4 22. Rd2 Bxe5 23. fxe5 Nd3 24. Ba1 Rf7 25. g4 f4 26. exf4 Nxf4 27. Qe3 Nxg2 28. Kxg2 Rf3 29. Rxf3 exf3+ 30. Kg3 Qc6 31. dxc5 Rxd2 32. Qxd2 bxc5 33. Qd6 Kf7 34. Bc3 f2 35. Qxc6 f1N+ 36. Kf2 Bxc6 37. Kxf1 Be4 38. Bxa5 Bc2 39. Bb6 Bxb3 40. a5 Bxc4+ 41. Kf2 h5 42. gxh5 gxh5 43. Bxc5 Ke8 44. Kg3 Kd7 45. Kh4 Be2 46. Bf2 Kc7 47. a6 Kb8 48. Kg5 Ka8 49. h3 Kb8 50. a7+ Kb7 51. Kf6 Bc4 52. Kf7 Bb3 53. Ke7 Bc4 54. Kf6 Bb3 55. Kg5 Bd1 56. Kf4 Be2 57. Be3 Bf1 58. Kg3 Ka8 59. Bd4 Kb7 60. h4 Be2 1/2-1/2

[Event "American Cup Blitz"]
[Site "Saint Louis"]
[Date "2024.03.21"]
[Round "1"]
[White "Zatonskih, Anna"]
[Black "Shankland, Samuel L"]
[Result "0-1"]
[WhiteElo "2348"]
[BlackElo "2674"]
[PlyCount "50"]
[EventDate "2024.03.21"]
[EventType "swiss (blitz)"]
[EventRounds "7"]
[EventCountry "USA"]
[SourceTitle "CB13_2024"]
[SourceDate "2024.03.27"]
[SourceVersion "1"]
[SourceVersionDate "2024.03.27"]
[SourceQuality "1"]

1. d4 Nf6 2. Nf3 b6 3. g3 Bb7 4. Bg2 c5 5. dxc5 bxc5 6. c4 g6 7. 0-0 Bg7 8. Nc3 0-0 9. Re1 d6 10. Qc2 Nc6 11. a3 Rb8 12. Rb1 Qd7 13. b4 Nd4 14. Nxd4 Bxg2 15. Kxg2 cxd4 16. Nd1 Rfc8 17. Kg1 Ng4 18. Nb2 h5 19. Bf4 e5 20. Bd2 h4 21. Qe4 hxg3 22. hxg3 Nf6 23. Qg2 e4 24. Bg5 Qf5 25. Red1 Qxg5 0-1

[Event "American Cup Elim (Women)"]
[Site "Saint Louis"]
[Date "2024.03.14"]
[Round "1.4"]
[White "Zatonskih, Anna"]
[Black "Tang, Zoey"]
[Result "1/2-1/2"]
[WhiteElo "2348"]
[BlackElo "2253"]
[PlyCount "117"]
[EventDate "2024.03.14"]
[EventType "k.o. (rapid)"]
[EventRounds "3"]
[EventCountry "USA"]
[SourceTitle "CB12_2024"]
[SourceDate "2023.10.01"]
[SourceVersion "1"]
[SourceVersionDate "2023.10.01"]
[SourceQuality "1"]

1. Nf3 d5 2. e3 Bf5 3. c4 c6 4. Qb3 Qc7 5. cxd5 cxd5 6. Nc3 e6 7. Bb5+ Nc6 8. Nd4 Nge7 9. Qa4 a6 10. b3 Rc8 11. Bxc6+ bxc6 12. Qxa6 Ng6 13. Bb2 Bb4 14. Rc1 Nh4 15. 0-0 0-0 16. Nxf5 Nxf5 17. Qe2 Qe7 18. Na4 Bd6 19. f4 c5 20. Qg4 g6 21. Qf3 h5 22. d3 Qa7 23. Kh1 c4 24. dxc4 Nxe3 25. Rfe1 Ng4 26. h3 Nf2+ 27. Kh2 Ne4 28. Rxe4 dxe4 29. Qxe4 Qb8 30. g3 h4 31. c5 hxg3+ 32. Kxg3 Be7 33. Rg1 Bxc5 34. Nxc5 Rxc5 35. Kh2 Rf5 36. Rg4 Qd6 37. Be5 Qd2+ 38. Rg2 Qd5 39. Qxd5 exd5 40. a4 Ra8 41. Ra2 f6 42. Bc7 d4 43. a5 Rb5 44. Rd2 Rxb3 45. Rxd4 Ra3 46. Rd5 Kf7 47. f5 gxf5 48. Rxf5 Rh8 49. Bg3 Ra2+ 50. Kg1 Rxh3 51. Bf2 Rha3 52. Bb6 Rb3 53. Rf2 Rxf2 54. Kxf2 Ra3 55. Bc7 Rxa5 56. Bxa5 Ke6 57. Bc3 f5 58. Bd2 f4 59. Bxf4 1/2-1/2

[Event "Sebes GP op"]
[Site "Sebes"]
[Date "2023.11.05"]
[Round "5"]
[White "Zatonskih, Anna"]
[Black "Rakhmangulov, Denis"]
[Result "1-0"]
[WhiteElo "2363"]
[BlackElo "2024"]
[PlyCount "139"]
[EventDate "2023.11.04"]
[EventType "swiss"]
[EventRounds "10"]
[EventCountry "ROU"]
[SourceTitle "CB46_2023"]
[SourceDate "2023.11.15"]
[SourceVersion "1"]
[SourceVersionDate "2023.11.15"]
[SourceQuality "1"]

1. d4 Nf6 2. c4 c5 3. d5 b5 4. cxb5 a6 5. bxa6 Bxa6 6. Nc3 d6 7. e4 Nbd7 8. Bxa6 Rxa6 9. Nge2 g6 10. 0-0 Bg7 11. Qc2 0-0 12. Rb1 Qa8 13. Rd1 Rb8 14. b3 Ne8 15. Bg5 Kf8 16. Qd2 Nc7 17. Bh6 Rb4 18. Bxg7+ Kxg7 19. h3 Nf6 20. Qe3 Qb7 21. f3 Nd7 22. Kh1 Ra3 23. Qg5 f6 24. Qc1 Ra8 25. Qd2 Nb5 26. Nxb5 Qxb5 27. Nc3 Qa5 28. Rb2 Qa3 29. Qc2 c4 30. Ne2 Nc5 31. Nd4 Nd3 32. Rbb1 Qxa2 33. Qxa2 Rxa2 34. bxc4 Nf2+ 35. Kg1 Rxc4 36. Ne6+ Kh6 37. Rdc1 Rxc1+ 38. Rxc1 Nd3 39. Rd1 Nb4 40. Kh2 Nc2 41. Rd2 Nb4 42. Rxa2 Nxa2 43. h4 g5 44. Kh3 Kg6 45. hxg5 fxg5 46. g4 Nc3 47. Nd4 Kf6 48. Kg3 h6 49. Nf5 Ne2+ 50. Kf2 Nf4 51. Nxh6 e6 52. dxe6 Kxe6 53. Nf5 d5 54. Ke3 Ke5 55. exd5 Nxd5+ 56. Kf2 Nf4 57. Ng3 Ne6 58. Ke3 Nf4 59. Ne4 Ne6 60. Nf2 Kd5 61. Nd3 Nd4 62. Nb4+ Ke5 63. Nd3+ Kd5 64. Nf2 Ke5 65. Nd1 Nc2+ 66. Kf2 Kf4 67. Nc3 Ke5 68. Ne4 Kf4 69. Nc5 Nd4 70. Nd3# 1-0

[Event "Sebes GP op"]
[Site "Sebes"]
[Date "2023.11.04"]
[Round "1"]
[White "Zatonskih, Anna"]
[Black "Stefoni, Marius Horatiu"]
[Result "1-0"]
[WhiteElo "2363"]
[BlackElo "1486"]
[PlyCount "95"]
[EventDate "2023.11.04"]
[EventType "swiss"]
[EventRounds "10"]
[EventCountry "ROU"]
[SourceTitle "CB46_2023"]
[SourceDate "2023.11.15"]
[SourceVersion "1"]
[SourceVersionDate "2023.11.15"]
[SourceQuality "1"]

1. d4 d5 2. c4 c6 3. Nf3 e6 4. Qc2 Bb4+ 5. Bd2 Bxd2+ 6. Nbxd2 Nf6 7. e3 h6 8. Bd3 b6 9. 0-0 Nbd7 10. b4 Bb7 11. c5 Qe7 12. Qb2 0-0 13. Rfc1 Rae8 14. a4 e5 15. dxe5 Nxe5 16. Nxe5 Qxe5 17. Qxe5 Rxe5 18. cxb6 axb6 19. a5 bxa5 20. bxa5 Nd7 21. Nb3 Rc8 22. a6 Ba8 23. Rc3 Re6 24. Bf5 Rd6 25. Nc5 Nxc5 26. Bxc8 Ne4 27. Rcc1 Rd8 28. Bf5 Nd6 29. Bd3 Rc8 30. Ra5 Kf8 31. f3 Ke7 32. e4 d4 33. e5 Ne8 34. Ra4 Rd8 35. Be4 d3 36. Rd1 d2 37. Ra2 Nc7 38. a7 Nb5 39. Raxd2 Rxd2 40. Rxd2 Ke6 41. Rb2 Nc7 42. f4 g6 43. Kf2 h5 44. g3 Kd7 45. Bg2 Kd8 46. Rb8+ Kd7 47. Bh3+ Ke7 48. Rc8 1-0

[Event "USA-ch (Women)"]
[Site "Saint Louis"]
[Date "2023.10.16"]
[Round "10"]
[White "Zatonskih, Anna"]
[Black "Yip, Carissa"]
[Result "0-1"]
[WhiteElo "2363"]
[BlackElo "2372"]
[PlyCount "68"]
[EventDate "2023.10.05"]
[EventType "tourn"]
[EventRounds "11"]
[EventCountry "USA"]
[EventCategory "3"]
[SourceTitle "EXT 2024"]
[Source "ChessBase"]
[SourceDate "2023.10.10"]
[SourceVersion "1"]
[SourceVersionDate "2023.10.10"]
[SourceQuality "1"]

1. d4 Nf6 2. Nf3 g6 3. Nbd2 Bg7 4. e4 d6 5. Bd3 0-0 6. 0-0 Nc6 7. c3 e5 8. dxe5 Nxe5 9. Nxe5 dxe5 10. Nc4 Nh5 11. g3 Qe7 12. Qe2 h6 13. a4 a5 14. Rd1 Nf6 15. b3 Re8 16. Ba3 Qe6 17. Rab1 Qh3 18. f3 h5 19. Qf2 Bh6 20. Bf1 Qe6 21. Ne3 h4 22. gxh4 Kg7 23. Ng2 Nh5 24. Bb5 Rh8 25. Bc4 Qf6 26. Qc5 Bh3 27. Qe7 Qxf3 28. Qxe5+ Kh7 29. Bf1 Nf4 30. Rd2 Bxg2 31. Rxg2 Nh3+ 32. Kh1 Be3 33. Qxc7 Nf2+ 34. Kg1 Nd1+ 0-1

[Event "WchT (Women) Final"]
[Site "Bydgoszcz"]
[Date "2023.09.09"]
[Round "1.2"]
[White "Buksa, Nataliya"]
[Black "Zatonskih, Anna"]
[Result "1-0"]
[WhiteElo "2352"]
[BlackElo "2364"]
[PlyCount "57"]
[EventDate "2023.09.09"]
[EventType "team-k.o. (rapid)"]
[EventRounds "3"]
[EventCountry "POL"]
[SourceTitle "EXT 2024"]
[Source "ChessBase"]
[SourceDate "2023.10.10"]
[SourceVersion "1"]
[SourceVersionDate "2023.10.10"]
[SourceQuality "1"]
[WhiteTeam "Ukraine (W)"]
[BlackTeam "United States (W)"]
[WhiteTeamCountry "UKR"]
[BlackTeamCountry "USA"]

1. e4 e6 2. d4 d5 3. Nc3 Nf6 4. e5 Nfd7 5. f4 c5 6. Nf3 Nc6 7. Be3 cxd4 8. Nxd4 Qb6 9. Qd2 Qxb2 10. Rb1 Qa3 11. Bb5 Nxd4 12. Bxd4 a6 13. Bxd7+ Bxd7 14. Rb3 Qe7 15. Rxb7 Qh4+ 16. Bf2 Qd8 17. Bb6 Qc8 18. Rc7 Qd8 19. Qd4 Ba3 20. Ra7 Qc8 21. Rc7 Qd8 22. Nb1 Be7 23. c4 dxc4 24. Ra7 Qc8 25. Qxd7+ Qxd7 26. Rxa8+ Bd8 27. Rxd8+ Qxd8 28. Bxd8 Kxd8 29. Kd2 1-0

[Event "World-chT Rapid"]
[Site "Dusseldorf"]
[Date "2023.08.28"]
[Round "9"]
[White "Efroimski, Marsel"]
[Black "Zatonskih, Anna"]
[Result "1-0"]
[WhiteElo "2439"]
[BlackElo "2364"]
[PlyCount "126"]
[EventDate "2023.08.26"]
[EventType "team-swiss (rapid)"]
[EventRounds "12"]
[EventCountry "GER"]
[SourceTitle "CBM 215 Extra"]
[Source "ChessBase"]
[SourceDate "2023.09.30"]
[SourceVersion "1"]
[SourceVersionDate "2023.09.30"]
[SourceQuality "1"]
[WhiteTeam "Rishon Le Zion"]
[BlackTeam "Duesseldorf"]
[WhiteTeamCountry "ISR"]
[BlackTeamCountry "GER"]

1. e4 e6 2. d4 d5 3. Nc3 Nc6 4. e5 f6 5. Bb5 Qd7 6. Nf3 a6 7. Bxc6 Qxc6 8. Ne2 Bd7 9. 0-0 0-0-0 10. Bd2 Be8 11. Nf4 Bg6 12. Nxg6 hxg6 13. a4 g5 14. b4 Qc4 15. c3 g4 16. Ne1 fxe5 17. Qxg4 Nf6 18. Qxe6+ Kb8 19. dxe5 Ne4 20. Nf3 Nxd2 21. Nxd2 Qxc3 22. Nf3 Bxb4 23. Rac1 Qa3 24. Qf7 c6 25. Nd4 Rdf8 26. Qd7 Rd8 27. Nxc6+ bxc6 28. Qxc6 Rc8 29. Qb6+ Ka8 30. Qxa6+ Kb8 31. Qb5+ Ka7 32. Qd7+ Kb8 33. Rb1 Rc4 34. Qxd5 Rhc8 35. Qb5+ Ka7 36. e6 R8c5 37. Qe8 Rc8 38. Qd7+ R8c7 39. Qd8 Rc1 40. Rbxc1 Rxc1 41. Qd7+ Ka6 42. g3 Rxf1+ 43. Kxf1 Bc5 44. Qxg7 Qd3+ 45. Kg1 Qb1+ 46. Kg2 Qe4+ 47. f3 Qe2+ 48. Kh3 Qxf3 49. Qf7 Qe3 50. Qf5 Kb6 51. Kg4 Qe2+ 52. Kh3 Qe3 53. Kh4 Qh6+ 54. Kg4 Qg7+ 55. Qg5 Qd4+ 56. Kh5 Qh8+ 57. Kg6 Qg8+ 58. Kf5 Qh7+ 59. Ke5 Qc7+ 60. Kf5 Qh7+ 61. Qg6 Qh3+ 62. Kf6 Qh8+ 63. Kg5 Be7+ 1-0

[Event "World-chT Rapid"]
[Site "Dusseldorf"]
[Date "2023.08.28"]
[Round "12"]
[White "Zatonskih, Anna"]
[Black "Shuvalova, Polina"]
[Result "0-1"]
[WhiteElo "2364"]
[BlackElo "2496"]
[PlyCount "76"]
[EventDate "2023.08.26"]
[EventType "team-swiss (rapid)"]
[EventRounds "12"]
[EventCountry "GER"]
[SourceTitle "CBM 215 Extra"]
[Source "ChessBase"]
[SourceDate "2023.09.30"]
[SourceVersion "1"]
[SourceVersionDate "2023.09.30"]
[SourceQuality "1"]
[WhiteTeam "Duesseldorf"]
[BlackTeam "Freedom"]
[WhiteTeamCountry "GER"]
[BlackTeamCountry "ROU"]

1. d4 Nf6 2. c4 e6 3. Nc3 d5 4. cxd5 Nxd5 5. e4 Nxc3 6. bxc3 c5 7. Rb1 Be7 8. Nf3 0-0 9. h4 b6 10. Bd3 h6 11. e5 Bb7 12. Rh3 f5 13. exf6 Bxf6 14. Bc2 c4 15. Ng5 Qe8 16. Nh7 Rf7 17. Bg6 Be7 18. Ng5 hxg5 19. hxg5 Bd6 20. Kf1 Rxf2+ 21. Kxf2 Qxg6 22. Be3 Nd7 23. Rb5 Rf8+ 24. Kg1 Qe4 25. Qe2 Bd5 26. Rb2 Qf5 27. Rd2 Rf7 28. Rd1 Qe4 29. Rd2 Nf8 30. Rb2 Qf5 31. Rd2 Ng6 32. Rd1 Qe4 33. Re1 b5 34. Qd2 Qg4 35. Qc2 Rf5 36. a4 a6 37. axb5 axb5 38. Rb1 Be4 0-1

[Event "World-chT Rapid"]
[Site "Dusseldorf"]
[Date "2023.08.27"]
[Round "8.7"]
[White "Zatonskih, Anna"]
[Black "Besou, Hussain"]
[Result "1-0"]
[WhiteElo "2364"]
[BlackElo "2364"]
[PlyCount "61"]
[EventDate "2023.08.26"]
[EventType "team-swiss (rapid)"]
[EventRounds "12"]
[EventCountry "GER"]
[SourceTitle "CBM 215 Extra"]
[Source "ChessBase"]
[SourceDate "2023.09.30"]
[SourceVersion "1"]
[SourceVersionDate "2023.09.30"]
[SourceQuality "1"]
[WhiteTeam "Duesseldorf"]
[BlackTeam "Hemer"]
[WhiteTeamCountry "GER"]
[BlackTeamCountry "GER"]

1. d4 Nf6 2. c4 e6 3. Nc3 Bb4 4. Qc2 0-0 5. a3 Bxc3+ 6. Qxc3 b6 7. Bg5 Bb7 8. f3 d5 9. e3 Nbd7 10. cxd5 exd5 11. Bd3 Re8 12. Ne2 c6 13. 0-0 h6 14. Bh4 Qe7 15. Bf2 h5 16. Rfe1 g6 17. Qd2 c5 18. Nc3 Nf8 19. Rad1 Ne6 20. Bc2 Rac8 21. Bh4 Red8 22. Qf2 cxd4 23. exd4 Kg7 24. Qg3 Qc7 25. Rxe6 Qxg3 26. Bxf6+ Kf8 27. hxg3 fxe6 28. Bxd8 Rxd8 29. Bxg6 Kg7 30. Bxh5 Kf6 31. f4 1-0

[Event "World-chT Rapid"]
[Site "Dusseldorf"]
[Date "2023.08.26"]
[Round "1.13"]
[White "Mcligeyo, Robert Oluka"]
[Black "Zatonskih, Anna"]
[Result "0-1"]
[WhiteElo "2009"]
[BlackElo "2364"]
[PlyCount "133"]
[EventDate "2023.08.26"]
[EventType "team-swiss (rapid)"]
[EventRounds "12"]
[EventCountry "GER"]
[SourceTitle "CBM 215 Extra"]
[Source "ChessBase"]
[SourceDate "2023.09.30"]
[SourceVersion "1"]
[SourceVersionDate "2023.09.30"]
[SourceQuality "1"]
[WhiteTeam "Kenya Commercial Bank"]
[BlackTeam "Duesseldorf"]
[WhiteTeamCountry "KEN"]
[BlackTeamCountry "GER"]

1. e4 e6 2. d4 d5 3. Nd2 c5 4. exd5 Qxd5 5. Ngf3 cxd4 6. Bc4 Qd7 7. 0-0 a6 8. Nb3 Qc7 9. Qe2 Bd6 10. Nbxd4 Ne7 11. Re1 Nbc6 12. Nxc6 Nxc6 13. c3 Bd7 14. Be3 0-0 15. Rad1 Ne5 16. Nxe5 Bxe5 17. h3 Bf6 18. Bb3 Rfd8 19. Bd4 Bb5 20. Qe3 Bxd4 21. Rxd4 Rxd4 22. Qxd4 Rd8 23. Qe3 Bc4 24. Bxc4 Qxc4 25. b3 Qd5 26. c4 Qd2 27. Re2 Qxe3 28. fxe3 Kf8 29. Kf2 Rd1 30. Kf3 Ke7 31. e4 e5 32. Ke3 f6 33. Rd2 Ra1 34. Kd3 h5 35. Kc3 Re1 36. Kd3 Kd6 37. b4 Kc6 38. Re2 Rc1 39. Rc2 Rd1+ 40. Rd2 Ra1 41. Kc3 Re1 42. Kd3 a5 43. bxa5 Rb1 44. Kc3 Rc1+ 45. Kd3 h4 46. Rb2 Rd1+ 47. Ke3 Re1+ 48. Kd3 Rg1 49. Rb6+ Kc7 50. Rb2 Rc1 51. Rc2 Rxc2 52. Kxc2 Kc6 53. Kd3 Kc5 54. a3 g6 55. Kc3 f5 56. Kd3 f4 57. Kc3 Kc6 58. Kd3 Kd6 59. Kc3 Kc5 60. Kd3 g5 61. a4 Kb4 62. a6 bxa6 63. a5 Kxa5 64. Kc3 Kb6 65. Kb4 Kc6 66. Kc3 Kc5 67. Kd3 0-1

[Event "World-chT Rapid"]
[Site "Dusseldorf"]
[Date "2023.08.26"]
[Round "3.6"]
[White "Zatonskih, Anna"]
[Black "Braeutigam, Alexander"]
[Result "1-0"]
[WhiteElo "2364"]
[BlackElo "1911"]
[PlyCount "55"]
[EventDate "2023.08.26"]
[EventType "team-swiss (rapid)"]
[EventRounds "12"]
[EventCountry "GER"]
[SourceTitle "CBM 215 Extra"]
[Source "ChessBase"]
[SourceDate "2023.09.30"]
[SourceVersion "1"]
[SourceVersionDate "2023.09.30"]
[SourceQuality "1"]
[WhiteTeam "Duesseldorf"]
[BlackTeam "Kiel Doppelbauer"]
[WhiteTeamCountry "GER"]
[BlackTeamCountry "GER"]

1. d4 Nf6 2. c4 e6 3. Nc3 d5 4. cxd5 exd5 5. Bg5 Be7 6. e3 0-0 7. Qc2 h6 8. Bh4 Re8 9. Nf3 c6 10. Bd3 Nbd7 11. 0-0 Ne4 12. Bxe7 Qxe7 13. Rab1 Ndf6 14. Na4 Bd7 15. b4 Rac8 16. Ne5 Rc7 17. Rfc1 Rec8 18. Nc5 Nd6 19. a4 b6 20. Na6 Rb7 21. Rb2 Nfe4 22. Qe2 f6 23. Nxd7 Qxd7 24. Rbc2 Ng5 25. Qh5 c5 26. bxc5 Qxa4 27. cxd6 Rxc2 28. Bxc2 1-0

[Event "Saint Louis Cairns Cup (Women) 3rd"]
[Site "Saint Louis"]
[Date "2023.06.09"]
[Round "6"]
[White "Mammadzada, Gunay Vuqar Qizi"]
[Black "Zatonskih, Anna"]
[Result "0-1"]
[WhiteElo "2449"]
[BlackElo "2327"]
[PlyCount "146"]
[EventDate "2023.06.03"]
[EventType "tourn"]
[EventRounds "9"]
[EventCountry "USA"]
[EventCategory "10"]
[SourceTitle "CBM 214 Extra"]
[Source "ChessBase"]
[SourceDate "2023.07.31"]
[SourceVersion "1"]
[SourceVersionDate "2023.07.31"]
[SourceQuality "1"]

1. d4 d5 2. c4 e6 3. g3 Nf6 4. Bg2 Be7 5. Nf3 0-0 6. 0-0 dxc4 7. Qc2 a6 8. a4 Nc6 9. Na3 b5 10. Ne5 Nb4 11. Qd1 Rb8 12. axb5 axb5 13. b3 cxb3 14. Bb2 Bb7 15. Qxb3 Bxg2 16. Kxg2 Rb6 17. Rfc1 Nd7 18. Nf3 Qb8 19. Nb1 Nd5 20. Nbd2 c5 21. dxc5 Nxc5 22. Qc2 Rb7 23. e4 Nb6 24. Be5 Qd8 25. Nb3 Nc4 26. Rd1 Qc8 27. Bd4 Nxb3 28. Qxb3 Bc5 29. Rac1 Qc6 30. Qc3 Bxd4 31. Qxd4 Qb6 32. Qxb6 Rxb6 33. Nd4 h6 34. Re1 Rfb8 35. Re2 Ne5 36. f4 Rd8 37. Nxb5 Rxb5 38. fxe5 Rxe5 39. Rce1 g5 40. Rf2 Rd4 41. Ref1 Rd7 42. Re1 Kg7 43. Rfe2 Rd4 44. Kf3 Ra4 45. Kg2 Kg6 46. Kf2 h5 47. Kg1 g4 48. Kg2 f6 49. Kg1 Kg5 50. Kg2 Rb4 51. Kg1 Reb5 52. Rf1 Rb2 53. Rxb2 Rxb2 54. Ra1 Re2 55. Ra4 e5 56. Rb4 h4 57. Ra4 h3 58. Rb4 Kg6 59. Ra4 Rg2+ 60. Kh1 Rd2 61. Kg1 Rd4 62. Ra8 Rxe4 63. Kf2 Rb4 64. Ra2 Rb1 65. Ke3 Re1+ 66. Kd3 Kf5 67. Rf2+ Ke6 68. Ra2 Rg1 69. Ke4 f5+ 70. Ke3 Rg2 71. Ra6+ Kf7 72. Ra5 Kf6 73. Ra6+ Kg5 0-1

[Event "Saint Louis Cairns Cup (Women) 3rd"]
[Site "Saint Louis"]
[Date "2023.06.07"]
[Round "5"]
[White "Zatonskih, Anna"]
[Black "Harika, Dronavalli"]
[Result "1/2-1/2"]
[WhiteElo "2327"]
[BlackElo "2501"]
[PlyCount "102"]
[EventDate "2023.06.03"]
[EventType "tourn"]
[EventRounds "9"]
[EventCountry "USA"]
[EventCategory "10"]
[SourceTitle "CBM 214 Extra"]
[Source "ChessBase"]
[SourceDate "2023.07.31"]
[SourceVersion "1"]
[SourceVersionDate "2023.07.31"]
[SourceQuality "1"]

1. d4 d5 2. c4 e6 3. Nc3 Nf6 4. Bg5 Be7 5. e3 h6 6. Bh4 c6 7. Nf3 Nbd7 8. cxd5 Nxd5 9. Bxe7 Qxe7 10. Nxd5 exd5 11. Bd3 0-0 12. 0-0 Re8 13. Qc2 Nf6 14. Rab1 a5 15. Rfe1 a4 16. a3 Qd6 17. Rbc1 Be6 18. Qc5 Qb8 19. Ne5 Nd7 20. Nxd7 Bxd7 21. f3 Qd8 22. Qb4 Qa5 23. Qxa5 Rxa5 24. Kf2 Kf8 25. Rc3 Ke7 26. e4 dxe4 27. fxe4 Be6 28. Bc4 Kd6 29. Ke3 f6 30. Bxe6 Rxe6 31. Re2 Rb5 32. Kd3 Re8 33. Rc4 Ra8 34. Kc2 Ra6 35. Rf2 Ke6 36. Re2 Rb3 37. Kc1 Ra5 38. Kc2 Ra6 39. Kc1 Ra5 40. Kc2 h5 41. Kc1 Kd6 42. e5+ Kd7 43. exf6 gxf6 44. d5 cxd5 45. Rh4 Rc5+ 46. Rc2 Rxc2+ 47. Kxc2 Re3 48. Kd2 Rb3 49. Kc2 Re3 50. Kd2 Rb3 51. Kc2 Re3 1/2-1/2

[Event "Saint Louis Cairns Cup (Women) 3rd"]
[Site "Saint Louis"]
[Date "2023.06.06"]
[Round "4"]
[White "Kosteniuk, Alexandra"]
[Black "Zatonskih, Anna"]
[Result "0-1"]
[WhiteElo "2535"]
[BlackElo "2327"]
[PlyCount "122"]
[EventDate "2023.06.03"]
[EventType "tourn"]
[EventRounds "9"]
[EventCountry "USA"]
[EventCategory "10"]
[SourceTitle "CBM 214 Extra"]
[Source "ChessBase"]
[SourceDate "2023.07.31"]
[SourceVersion "1"]
[SourceVersionDate "2023.07.31"]
[SourceQuality "1"]

1. e4 e6 2. d4 d5 3. e5 c5 4. c3 Nc6 5. Nf3 Qb6 6. Na3 cxd4 7. cxd4 Bd7 8. Be2 Bb4+ 9. Kf1 Bxa3 10. bxa3 Na5 11. Qd3 Ba4 12. Bd2 Nc4 13. Rb1 Qc6 14. Qc3 Ne7 15. Qb4 Rc8 16. Bg5 Rc7 17. Bd1 Bxd1 18. Rxd1 Qa6 19. Kg1 Nc6 20. Qb3 Qxa3 21. h4 Qxb3 22. axb3 Na3 23. h5 h6 24. Bd2 Nb5 25. Rh4 0-0 26. Rg4 Kh7 27. Be1 Rfc8 28. Rd3 Ne7 29. Bd2 Rc2 30. Bb4 Nc6 31. Bd2 Ne7 32. Bb4 R8c7 33. Nh4 Nc3 34. Bd6 Rd7 35. Bb4 Rc7 36. Bd6 Rd7 37. Bb4 Ne4 38. Rf4 Nc6 39. Ba3 Ra2 40. b4 a6 41. f3 Ng3 42. Rg4 Nxh5 43. b5 axb5 44. Bc5 g5 45. f4 Nxf4 46. Re3 Ne7 47. Nf3 Nf5 48. Rb3 Kg6 49. Kh2 Kh5 50. Rxf4 gxf4 51. Ne1 Ne3 52. Kh3 Kg5 53. g3 Nf5 54. Nf3+ Kg6 55. gxf4 Rf2 56. Bb6 Re7 57. Ba5 Re8 58. Be1 Re2 59. Rxb5 Ra8 60. Ba5 b6 61. Bb4 Re3 0-1

[Event "Kragero op"]
[Site "Kragero"]
[Date "2023.02.25"]
[Round "8"]
[White "Aulin Jansson, Joran"]
[Black "Zatonskih, Anna"]
[Result "0-1"]
[WhiteElo "2184"]
[BlackElo "2348"]
[PlyCount "80"]
[EventDate "2023.02.22"]
[EventType "swiss"]
[EventRounds "9"]
[EventCountry "NOR"]
[SourceTitle "CBM 212 Extra"]
[Source "ChessBase"]
[SourceDate "2023.03.31"]
[SourceVersion "1"]
[SourceVersionDate "2023.03.31"]
[SourceQuality "1"]

1. e4 e6 2. d4 d5 3. Nc3 Nc6 4. Nf3 Nf6 5. Bg5 Be7 6. e5 Ne4 7. Be3 Nxc3 8. bxc3 Na5 9. Bd3 b6 10. 0-0 Bb7 11. Nd2 Qd7 12. Qg4 g6 13. Bg5 0-0-0 14. Bb5 Qxb5 15. Bxe7 Rd7 16. Bf6 Re8 17. Rfe1 Qb2 18. Nb3 Qxc3 19. Re3 Qb4 20. c3 Qa4 21. Nxa5 Qxa5 22. Qf4 h5 23. f3 Kb8 24. g4 c5 25. h4 Rc8 26. Qh2 cxd4 27. cxd4 Rdc7 28. Rd1 Ba6 29. Qd2 Qa4 30. a3 Rc2 31. Qb4 Qxb4 32. axb4 Rb2 33. Bg5 Rcc2 34. Bf4 hxg4 35. fxg4 Rg2+ 36. Kh1 Rxg4 37. Bg3 Rxb4 38. Ra3 Bb5 39. Bf2 Rb2 40. Bg3 Be2 0-1

[Event "Wch Blitz (Women)"]
[Site "Almaty"]
[Date "2022.12.30"]
[Round "14"]
[White "Charochkina, Daria"]
[Black "Zatonskih, Anna"]
[Result "0-1"]
[WhiteElo "2284"]
[BlackElo "2362"]
[PlyCount "102"]
[EventDate "2022.12.29"]
[EventType "swiss (blitz)"]
[EventRounds "17"]
[EventCountry "KAZ"]
[SourceTitle "CBM 211 Extra"]
[Source "ChessBase"]
[SourceDate "2023.01.31"]
[SourceVersion "1"]
[SourceVersionDate "2023.01.31"]
[SourceQuality "1"]

1. d4 d5 2. c4 e6 3. Nc3 Nf6 4. cxd5 exd5 5. Bg5 Be7 6. e3 Nbd7 7. Bd3 c6 8. Nge2 Nf8 9. h3 Ne6 10. Bh4 0-0 11. Qc2 g6 12. 0-0 Re8 13. f3 Ng7 14. e4 Be6 15. Rad1 Rc8 16. Kh1 a6 17. g4 b5 18. a3 a5 19. e5 Nd7 20. Bg3 b4 21. f4 bxc3 22. f5 cxb2 23. fxe6 Nxe6 24. Qxb2 c5 25. Nc3 Nb6 26. Bb5 Rf8 27. Qf2 Nxd4 28. Bf4 Bg5 29. Be3 Bxe3 30. Qxe3 Qe7 31. Ba6 Rce8 32. Nb5 Qxe5 33. Qc3 Qe4+ 34. Kh2 Qe5+ 35. Kh1 Nc4 36. Rde1 Qg5 37. Nc7 Rxe1 38. Rxe1 Rb8 39. Bxc4 dxc4 40. Qxc4 Qh4 41. Qf1 Qg3 42. Nd5 Nf3 43. Re2 Rf8 44. Rf2 Ng5 45. Ne7+ Kg7 46. Rh2 Re8 47. Qa1+ f6 48. Re2 Qxh3+ 49. Kg1 Qg3+ 50. Kf1 Qf3+ 51. Ke1 Ne4 0-1

[Event "Wch Blitz (Women)"]
[Site "Almaty"]
[Date "2022.12.29"]
[Round "9"]
[White "Garifullina, Leya"]
[Black "Zatonskih, Anna"]
[Result "0-1"]
[WhiteElo "2231"]
[BlackElo "2362"]
[PlyCount "132"]
[EventDate "2022.12.29"]
[EventType "swiss (blitz)"]
[EventRounds "17"]
[EventCountry "KAZ"]
[SourceTitle "CBM 211 Extra"]
[Source "ChessBase"]
[SourceDate "2023.01.31"]
[SourceVersion "1"]
[SourceVersionDate "2023.01.31"]
[SourceQuality "1"]

1. e4 e6 2. d4 d5 3. Nc3 dxe4 4. Nxe4 Nd7 5. Nf3 Ngf6 6. Nxf6+ Nxf6 7. Bd3 c5 8. 0-0 cxd4 9. Nxd4 Bc5 10. Nf3 0-0 11. Qe2 b6 12. Bg5 Bb7 13. Rad1 Qc7 14. c3 Be7 15. Bh4 Rad8 16. Ne5 Rd5 17. Bg3 Qc8 18. Bb1 Rxd1 19. Rxd1 Rd8 20. Rxd8+ Qxd8 21. h3 Qd5 22. Nf3 Qd7 23. Qd3 Qxd3 24. Bxd3 Kf8 25. Nd4 Ne8 26. Kf1 h6 27. f3 Bd6 28. Bf2 Ke7 29. Ke2 Nc7 30. Nb5 Nxb5 31. Bxb5 f5 32. a4 e5 33. b4 Bc7 34. Bd3 Kf6 35. c4 e4 36. fxe4 fxe4 37. Bc2 e3 38. Bxe3 Bxg2 39. Bd4+ Be5 40. Be3 Bxh3 41. c5 bxc5 42. Bxc5 a6 43. Bd3 Bc8 44. b5 axb5 45. Bxb5 g5 46. a5 h5 47. a6 h4 48. a7 Bb7 49. Kf2 g4 50. Bd3 g3+ 51. Ke3 g2 52. Kd2 Bh2 53. Ba6 Ba8 54. Bc4 g1Q 55. Bxg1 Bxg1 56. Ke2 Bxa7 57. Kf1 Kg5 58. Be6 Bb8 59. Kg1 Bg3 60. Bd7 Kf4 61. Bc8 Be4 62. Bd7 Bd5 63. Bc8 Kf3 64. Bd7 Bf4 65. Bc8 Kg3 66. Bd7 Bg2 0-1